Tradition and politics in South Asia / (Record no. 18542)

MARC details
000 -LEADER
fixed length control field 00847cam a2200277 i 4500
001 - CONTROL NUMBER
control field 4660454
003 - CONTROL NUMBER IDENTIFIER
control field BDDh-ASL
005 - DATE AND TIME OF LATEST TRANSACTION
control field 20231015025719.0
008 - FIXED-LENGTH DATA ELEMENTS--GENERAL INFORMATION
fixed length control field 791029s1979 ii b 001 0 eng
010 ## - LIBRARY OF CONGRESS CONTROL NUMBER
LC control number 79901842
020 ## - INTERNATIONAL STANDARD BOOK NUMBER
Terms of availability Rs75.00
040 ## - CATALOGING SOURCE
Original cataloging agency DLC
Transcribing agency DLC
Modifying agency BDDh-ASL
043 ## - GEOGRAPHIC AREA CODE
Geographic area code a------
-- a-ii---
050 00 - LIBRARY OF CONGRESS CALL NUMBER
Classification number DS445
Item number .T73
082 00 - DEWEY DECIMAL CLASSIFICATION NUMBER
Classification number 954
Item number MOT
245 00 - TITLE STATEMENT
Title Tradition and politics in South Asia /
Statement of responsibility, etc. edited by R. J. Moore.
260 ## - PUBLICATION, DISTRIBUTION, ETC.
Place of publication, distribution, etc. New Delhi :
Name of publisher, distributor, etc. Vikas,
Date of publication, distribution, etc. c1979.
300 ## - PHYSICAL DESCRIPTION
Extent xxii, 266 p. ;
Dimensions 22 cm.
504 ## - BIBLIOGRAPHY, ETC. NOTE
Bibliography, etc. note Includes bibliographical references and index.
650 #0 - SUBJECT ADDED ENTRY--TOPICAL TERM
Topical term or geographic name entry element Hindu civilization.
651 #0 - SUBJECT ADDED ENTRY--GEOGRAPHIC NAME
Geographic name India
General subdivision Politics and government.
651 #0 - SUBJECT ADDED ENTRY--GEOGRAPHIC NAME
Geographic name South Asia
General subdivision Politics and government.
700 1# - ADDED ENTRY--PERSONAL NAME
Personal name Moore, R. J.
Fuller form of name (Robin James),
Dates associated with a name 1934-
906 ## - LOCAL DATA ELEMENT F, LDF (RLIN)
a 7
b cbc
c orignew
d 2
e ncip
f 19
g y-gencatlg
942 ## - ADDED ENTRY ELEMENTS (KOHA)
Source of classification or shelving scheme Dewey Decimal Classification
Koha item type Books
Holdings
Withdrawn status Lost status Source of classification or shelving scheme Damaged status Not for loan Collection code Home library Current library Shelving location Date acquired Source of acquisition Total Checkouts Full call number Barcode Date last seen Copy number Price effective from Koha item type Public note
    Dewey Decimal Classification   Not For Loan Non-fiction Asiatic Society Library Asiatic Society Library Harrison Collection 10/13/2020 Donated by Prof. John B. Harrison   954 MOT 101734 10/13/2020 C-1 10/13/2020 Books RARE

Powered by Koha